000 00443nam a2200145Ia 4500
008 231129s1992||||xx |||||||||||||| ||spa||
020 _a958-9004-22-9
040 _bspa
082 _a980.461 Ch512g
100 _aChaves Mendoza Alvaro
245 0 _aGeografí­a humana de Colombia: Región del Pací­fico
260 _c1992
264 _aInstituto Colombiano de Cultura Hispánica
942 _2ddc
_cBKS
999 _c14428
_d14428